00629nam a22001577a 4500020000800000040001600008082001600024100003600040245005500076260004500131300006500176942001200241999001900253952009700272952010200369 qPB. cFIZZA ISHAQ a551.49bSCH aSchwartz , Franklin W. 9133492 aFundamentals Ground Water /cFranklin W. Schwartz. aNew York:b‎ John Wiley & Sons,c2003. a vii, 583 p. : ill., maps ; 26 cmc ‎ 8 x 1.34 x 10 inches 2ddccBK c616456d616456 00102ddc4070aNQCbNQCcTEXTd2026-02-27o551.49 SCHp2100r2026-02-27t1w2026-02-27yBK 00102ddc4070aNQCbNQCcTEXTd2026-02-27l0o551.49 SCHpQ-2113r2026-02-27t2w2026-02-27yBK